• 首页
  • 本馆介绍
  • 公告通知
  • 最新文献
  • 馆藏检索
  • 电子资源
  • 读者导购
  • 参考咨询
  • 我的图书馆
  • 登录
  • 详细信息显示
  • 放入我的书架
  • 预约/预借图书
  • 作者相关作品
  • 分类相关作品
  • 丛书相关作品
  • 出版社相关作品

书目信息

  • 表格格式
  • 工作单格式
  • 卡片格式
题名:
工程统计学
    
 
作者: 朗格尔 , 于贝尔 , 蒙哥马利 著 ;代金 , 魏秋萍 译
分册:  
出版信息: 北京   中国人民大学出版社  2005
页数: 506页
开本: 26cm
丛书名: 统计学经典译丛
单 册:
中图分类: TB11
科图分类:
主题词: 统计学 , 统计学--应用--工程技术
电子资源:
ISBN: 7-300-06366-7
000 01562nam0 2200361 450
000 01570nam0 2200361 450
000 01503nam0 2200337 450
000 01467oam2 2200325 45
005 20070722170905.28
010    @a7-300-06366-7@dCNY59.00
100    @a20070627d2005 em y0chiy0120 ea
101 1  @achi@ceng
102    @aCN@b110000
105    @ay z 000yy
200 1  @a工程统计学@AGong Cheng Tong Ji Xue@f道格拉斯·C.蒙哥马利(Douglas C. Montgomery),( )乔治·C.朗格尔(George C. Runger),( )诺尔马·法里斯·于贝尔(Norma Faris Hubele)著@FDao Ge La Si· C. Meng Ge Ma Li (Douglas C. Montgomery),( ) Qiao Zhi· C. Lang Ge Er (George C. Runger),( ) Nuo Er Ma· Fa Li Si· Yu Bei Er (Norma Faris Hubele) Zhu@g代金,魏秋萍译
205    @a第3版
210    @a北京@c中国人民大学出版社@d2005
215    @a506页@d26cm
225 2  @a统计学经典译丛
305    @a据原书第三版翻译出版
330    @a本书介绍了统计方法在工程中的应用,强调工程实践中常用的统计技术,在简明的框架下介绍了工程师所需的知识,包括数据汇总与表示、随机变量和概率分布、单样本决策等。
410  0 @12001 @a统计学经典译丛
510 1  @aEngineering Statistics@zeng
606 0  @a统计学
606 0  @a统计学@x应用@x工程技术
690    @aTB11@v4
701  1 @a朗格尔@ALang Ge Er@g(Runger, George C.)@4著
701  1 @a于贝尔@AYu Bei Er@g(Hubele, Norma Faris)@4著
701  1 @a蒙哥马利@AMeng Ge Ma Li@g(Montgomery, Douglas C.)@4著
702  0 @a代金@ADai Jin@4译
702  0 @a魏秋萍@AWei Qiu Ping@c(工程统计)@4译
801  0 @aCN@bTAOJIN@c20070722
905    @a10447@dTB11@e139=3
    
    工程统计学/道格拉斯·C.蒙哥马利(Douglas C. Montgomery),( )乔治·C.朗格尔(George C. Runger),( )诺尔马·法里斯·于贝尔(Norma Faris Hubele)著/代金,魏秋萍译.-第3版.-北京:中国人民大学出版社,2005
    506页;26cm.-(统计学经典译丛)
    
    
    ISBN 7-300-06366-7:CNY59.00
    本书介绍了统计方法在工程中的应用,强调工程实践中常用的统计技术,在简明的框架下介绍了工程师所需的知识,包括数据汇总与表示、随机变量和概率分布、单样本决策等。
●
相关链接 在E读中查询图书 在五车中查询图书 在当当中查询图书 在豆瓣中查询图书


正题名:工程统计学     索取号:TB11/139=3         预约/预借

序号 登录号 条形码 馆藏地/架位号 状态 备注
1 0823006   208230065   第二样本阅览室/ [索取号:TB11/139=3] 在馆    
2 0823007   208230074   密集书库/ [索取号:TB11/139=3] 在馆    
3 0823008   208230083   第三借阅区/ [索取号:TB11/139=3] 在馆    
4 0823009   208230092   第三借阅区/ [索取号:TB11/139=3] 在馆    
5 0823010   208230109   密集书库/ [索取号:TB11/139=3] 在馆    
6 0823011   208230118   密集书库/ [索取号:TB11/139=3] 在馆    
7 0823012   208230127   密集书库/ [索取号:TB11/139=3] 在馆    
8 0823013   208230136   第三借阅区/ [索取号:TB11/139=3] 在馆    
唐山师范学院图书馆 欢迎您!
大连网信软件有限公司© 版权所有